[Event "LSS SC-2010-0-00057"]
[Site "LSS email"]
[Date "2010.04.20"]
[Round "?"]
[White "Pagano, Marcelo"]
[Black "Kapr, Klaus"]
[Result "1-0"]
[WhiteElo "1726"]
[BlackElo "1816"]
[PlyCount "43"]
[EventDate "2010.03.04"]
[EventType "tourn (corr)"]
[EventRounds "6"]
[EventCountry "GER"]
[SourceTitle "Corr 2022"]
[Source "ChessBase"]
[SourceDate "2021.10.24"]
[SourceVersion "1"]
[SourceVersionDate "2021.10.24"]
[SourceQuality "1"]

1. d4 d5 2. Nf3 Nc6 3. c4 e5 4. Nxe5 Nxe5 5. dxe5 Bb4+ 6. Nc3 Bxc3+ 7. bxc3 dxc4 8. Qa4+ c6 9. Qxc4 Be6 10. Qc5 Ne7 11. e4 0-0 12. Bg5 Re8 13. Be2 h6 14. Be3 Ng6 15. 0-0 Qc7 16. f4 Bd7 17. Rfd1 Nf8 18. a4 a6 19. a5 Rad8 20. Rd6 Ne6 21. Qb6 Bc8 22. Rxe6 1-0

[Event "ARG-chT"]
[Site "Buenos Aires"]
[Date "2009.05.30"]
[Round "5"]
[White "Pagano, Marcelo"]
[Black "Rodriguez, Marcelo"]
[Result "1-0"]
[WhiteElo "2049"]
[BlackElo "2077"]
[PlyCount "79"]
[EventDate "2009.05.02"]
[EventType "team-tourn"]
[EventRounds "9"]
[EventCountry "ARG"]
[SourceTitle "EXT 2010"]
[Source "ChessBase"]
[SourceDate "2010.11.25"]
[SourceVersion "1"]
[SourceVersionDate "2010.11.25"]
[SourceQuality "1"]

1. d4 g6 2. c4 Bg7 3. Nc3 d6 4. e4 Nc6 5. Be3 e5 6. Nge2 Bd7 7. Qd2 exd4 8. Nxd4 Nxd4 9. Bxd4 Bxd4 10. Qxd4 Qf6 11. 0-0-0 Qxd4 12. Rxd4 Ne7 13. Be2 0-0-0 14. Rhd1 Nc6 15. R4d2 Ne5 16. f4 Ng4 17. h3 Ne3 18. Rg1 f5 19. g4 g5 20. exf5 gxf4 21. Rd4 Rhg8 22. Rxf4 Nxf5 23. Bd3 Ng7 24. Nd5 Ne6 25. Rf6 Rg7 26. Bf5 Nd4 27. Bxd7+ Rdxd7 28. Re1 Nc6 29. Rf8+ Rd8 30. Ree8 Rxe8 31. Rxe8+ Nd8 32. Nf4 Rd7 33. Ne6 b6 34. h4 c6 35. g5 d5 36. h5 Rd6 37. Rxd8+ Rxd8 38. Nxd8 Kxd8 39. g6 hxg6 40. h6 1-0

[Event "ARG-chT"]
[Site "Buenos Aires"]
[Date "2009.05.09"]
[Round "2"]
[White "Airando, Martin"]
[Black "Pagano, Marcelo"]
[Result "1-0"]
[WhiteElo "2250"]
[BlackElo "2049"]
[PlyCount "93"]
[EventDate "2009.05.02"]
[EventType "team-tourn"]
[EventRounds "9"]
[EventCountry "ARG"]
[SourceTitle "EXT 2010"]
[Source "ChessBase"]
[SourceDate "2010.11.25"]
[SourceVersion "1"]
[SourceVersionDate "2010.11.25"]
[SourceQuality "1"]

1. d4 Nf6 2. Nf3 e6 3. Bf4 c5 4. e3 Qb6 5. Qc1 Nc6 6. c3 Nh5 7. Bg3 f5 8. Nbd2 cxd4 9. Nc4 Qc5 10. exd4 Qd5 11. Bd3 Be7 12. Bc7 Nd8 13. h3 0-0 14. Qc2 d6 15. Ne3 Qc6 16. Bxd8 Bxd8 17. d5 Qe8 18. 0-0-0 Nf4 19. dxe6 g6 20. Bc4 Bxe6 21. Qb3 b5 22. Bxe6+ Qxe6 23. Qxe6+ Nxe6 24. Rxd6 Nc5 25. Rd5 Bb6 26. Nd4 b4 27. cxb4 Nd3+ 28. Kb1 Nxf2 29. Rf1 Ne4 30. Ndc2 Rae8 31. Nc4 Bd8 32. a4 Nf6 33. Rd2 Ne4 34. Rd7 Ng3 35. Rfd1 a6 36. R1d6 Bg5 37. Rxa6 Re2 38. Raa7 Bf6 39. N2e3 Nf1 40. Nd5 Bd4 41. Ne7+ Rxe7 42. Rxe7 Bxa7 43. Rxa7 f4 44. b5 Ne3 45. Nxe3 fxe3 46. Re7 Rf4 47. b3 1-0

[Event "Moron CC Philidor 3rd"]
[Site "Moron"]
[Date "2008.11.17"]
[Round "1"]
[White "Pagano, Marcelo"]
[Black "Cuberli, Emiliano"]
[Result "1-0"]
[WhiteElo "2049"]
[BlackElo "2128"]
[PlyCount "21"]
[EventDate "2008.11.17"]
[EventType "tourn"]
[EventRounds "9"]
[EventCountry "ARG"]
[SourceTitle "EXT 2019"]
[Source "ChessBase"]
[SourceDate "2018.10.10"]
[SourceVersion "1"]
[SourceVersionDate "2018.10.10"]
[SourceQuality "1"]

1. Nf3 Nf6 2. d4 e6 3. c4 b6 4. a3 Bb7 5. Nc3 Be7 6. d5 0-0 7. e4 exd5 8. cxd5 Re8 9. Bd3 Bf8 10. 0-0 c6 11. e5 1-0

[Event "Merlo Societa Italiana 4th"]
[Site "Merlo"]
[Date "2008.07.18"]
[Round "8"]
[White "Pagano, Marcelo"]
[Black "Lalanne, Pablo"]
[Result "0-1"]
[WhiteElo "2056"]
[BlackElo "2193"]
[PlyCount "72"]
[EventDate "2008.06.13"]
[EventType "tourn"]
[EventRounds "9"]
[EventCountry "ARG"]
[SourceTitle "CBM 125 Extra"]
[Source "ChessBase"]
[SourceDate "2008.09.01"]
[SourceVersion "1"]
[SourceVersionDate "2008.09.01"]
[SourceQuality "1"]

1. d4 Nf6 2. Nf3 e6 3. c4 c5 4. Nc3 cxd4 5. Nxd4 b6 6. e4 d6 7. Be2 Bb7 8. f3 a6 9. Be3 Nbd7 10. 0-0 Be7 11. Qd2 0-0 12. Rfd1 Rb8 13. Rac1 Kh8 14. Bf1 Rg8 15. g3 Ne5 16. Qe2 Qc7 17. Na4 Ba8 18. b4 g5 19. c5 bxc5 20. bxc5 dxc5 21. Nb3 g4 22. Bf4 gxf3 23. Qb2 f2+ 24. Kh1 Bxe4+ 25. Bg2 Bxg2+ 26. Kxg2 Qc6+ 27. Kh3 Nf3 28. Qxf2 Ne4 29. Qe3 Nfg5+ 30. Kh4 Qxa4 31. Bxb8 Rxb8 32. Qf4 Rb4 33. g4 Nf3+ 34. Kh5 Nf6+ 35. Kh6 Rxf4 36. Nxc5 Bf8# 0-1

[Event "Merlo Societa Italiana 4th"]
[Site "Merlo"]
[Date "2008.07.05"]
[Round "6"]
[White "Pagano, Marcelo"]
[Black "Herrera, Pablo"]
[Result "1-0"]
[WhiteElo "2056"]
[BlackElo "2114"]
[PlyCount "87"]
[EventDate "2008.06.13"]
[EventType "tourn"]
[EventRounds "9"]
[EventCountry "ARG"]
[SourceTitle "CBM 125 Extra"]
[Source "ChessBase"]
[SourceDate "2008.09.01"]
[SourceVersion "1"]
[SourceVersionDate "2008.09.01"]
[SourceQuality "1"]

1. d4 Nf6 2. c4 c5 3. Nf3 cxd4 4. Nxd4 g6 5. Nc3 Bg7 6. e4 d6 7. Be2 Nc6 8. Be3 0-0 9. 0-0 Nd7 10. Nc2 Nc5 11. f3 Qa5 12. b4 Nxb4 13. Nxb4 Qxb4 14. Nd5 Qa3 15. Nxe7+ Kh8 16. Qd2 Ne6 17. Rac1 Qxe3+ 18. Qxe3 Bd4 19. Kf2 Bxe3+ 20. Kxe3 Bd7 21. Rfd1 Rfe8 22. Nd5 Bc6 23. Rd2 f5 24. Rcd1 Ba4 25. Rb1 Bc6 26. Nc3 Nc5 27. Rxd6 fxe4 28. f4 Rad8 29. Rbd1 Rxd6 30. Rxd6 Re7 31. g3 Kg7 32. Bf1 Kf7 33. Bg2 a6 34. Nd5 Bxd5 35. Rxd5 Rc7 36. Rd4 Na4 37. Bxe4 Nc3 38. Bd5+ Kf6 39. Kd3 Nxa2 40. c5 Nc1+ 41. Kc4 b5+ 42. Kb4 a5+ 43. Kxb5 Ne2 44. Rc4 1-0

[Event "Merlo Societa Italiana 4th"]
[Site "Merlo"]
[Date "2008.06.20"]
[Round "3"]
[White "Pagano, Marcelo"]
[Black "Tomeo, Ivan"]
[Result "0-1"]
[WhiteElo "2056"]
[BlackElo "2076"]
[PlyCount "58"]
[EventDate "2008.06.13"]
[EventType "tourn"]
[EventRounds "9"]
[EventCountry "ARG"]
[SourceTitle "CBM 125 Extra"]
[Source "ChessBase"]
[SourceDate "2008.09.01"]
[SourceVersion "1"]
[SourceVersionDate "2008.09.01"]
[SourceQuality "1"]

1. Nf3 f5 2. d4 Nf6 3. c4 g6 4. g3 Bg7 5. Bg2 d6 6. 0-0 0-0 7. Nc3 Qe8 8. Bg5 Na6 9. d5 c5 10. a3 Nc7 11. Qd3 h6 12. Bd2 Rb8 13. Rab1 b5 14. b4 Ne4 15. bxc5 bxc4 16. Qc2 Rxb1 17. Rxb1 Nxc5 18. Be3 Nb3 19. Bxa7 Ba6 20. Rd1 Nb5 21. Nxb5 Qxb5 22. e4 Na1 23. Qe2 Qb2 24. Qxb2 Bxb2 25. Bd4 c3 26. Re1 Nc2 27. Bxc3 Nxe1 28. Bxb2 Nxf3+ 29. Bxf3 Rb8 0-1

[Event "Merlo Societa Italiana 4th"]
[Site "Merlo"]
[Date "2008.06.18"]
[Round "2"]
[White "Lugo, Sergio"]
[Black "Pagano, Marcelo"]
[Result "1/2-1/2"]
[WhiteElo "1997"]
[BlackElo "2056"]
[PlyCount "38"]
[EventDate "2008.06.13"]
[EventType "tourn"]
[EventRounds "9"]
[EventCountry "ARG"]
[SourceTitle "CBM 125 Extra"]
[Source "ChessBase"]
[SourceDate "2008.09.01"]
[SourceVersion "1"]
[SourceVersionDate "2008.09.01"]
[SourceQuality "1"]

1. c4 Nf6 2. Nc3 e5 3. g3 d5 4. cxd5 Nxd5 5. Bg2 Ne7 6. Nf3 Nbc6 7. 0-0 g6 8. d3 Bg7 9. Bg5 f6 10. Be3 Be6 11. Rc1 0-0 12. Bc5 Rb8 13. a3 Rf7 14. Bxe7 Rxe7 15. b4 Nd4 16. Ne4 Bd5 17. Nxd4 exd4 18. Rc5 c6 19. Re1 b6 1/2-1/2

[Event "FICGS class C 000045 email"]
[Site "FICGS email"]
[Date "2008.04.20"]
[Round "1"]
[White "Khachaturov, Vadim"]
[Black "Pagano, Marcelo"]
[Result "1-0"]
[WhiteElo "1836"]
[BlackElo "1842"]
[PlyCount "43"]
[EventDate "2008.??.??"]
[EventType "tourn (corr)"]
[EventRounds "1"]
[SourceTitle "Corr 2022"]
[Source "ChessBase"]
[SourceDate "2021.10.24"]
[SourceVersion "1"]
[SourceVersionDate "2021.10.24"]
[SourceQuality "1"]

1. e4 c6 2. d4 g6 3. Nc3 Bg7 4. Nf3 d5 5. h3 dxe4 6. Nxe4 Nf6 7. Nxf6+ Bxf6 8. Bh6 c5 9. c3 cxd4 10. Nxd4 Qb6 11. Bc4 Qxb2 12. 0-0 a6 13. Qf3 Nd7 14. Rae1 Qb6 15. Qd5 Kd8 16. Qxf7 Ne5 17. Rxe5 Bxe5 18. Rd1 Bd6 19. Be3 Qc7 20. Bf4 Re8 21. Ne6+ Bxe6 22. Bxe6 1-0

[Event "FICGS rapid B 000089 email"]
[Site "FICGS email"]
[Date "2008.04.16"]
[Round "1"]
[White "Ziegler, Pio"]
[Black "Pagano, Marcelo"]
[Result "1-0"]
[WhiteElo "1796"]
[BlackElo "1842"]
[PlyCount "99"]
[EventDate "2008.??.??"]
[EventType "tourn (rapid)"]
[EventRounds "6"]
[SourceTitle "Corr 2022"]
[Source "ChessBase"]
[SourceDate "2021.10.24"]
[SourceVersion "1"]
[SourceVersionDate "2021.10.24"]
[SourceQuality "1"]

1. d4 Nf6 2. Nf3 e6 3. c4 Bb4+ 4. Bd2 Qe7 5. g3 Nc6 6. Bg2 Bxd2+ 7. Qxd2 Ne4 8. Qc2 Qb4+ 9. Nc3 Nxc3 10. Qxc3 Qxc3+ 11. bxc3 Rb8 12. Nd2 Na5 13. e4 b6 14. Rb1 Ba6 15. Rb4 Ke7 16. Ra4 Rhc8 17. f4 c5 18. d5 d6 19. e5 Rd8 20. exd6+ Rxd6 21. Kf2 exd5 22. cxd5 Bb5 23. Re4+ Kf8 24. c4 Bd7 25. Re2 f5 26. Rc1 a6 27. Nf3 b5 28. cxb5 Bxb5 29. Re5 Bc4 30. Rxf5+ Kg8 31. Nd2 Rb2 32. Ke3 Rxa2 33. Rxc4 g6 34. Re5 Rxd2 35. Rxc5 Rxg2 36. Re7 Rf6 37. d6 Rf7 38. Rxa5 Rxe7+ 39. dxe7 Kf7 40. Rxa6 Rxh2 41. Re6 Ke8 42. g4 Rh1 43. Kf2 Ra1 44. f5 Ra2+ 45. Kf3 Ra3+ 46. Kf4 gxf5 47. gxf5 Ra4+ 48. Kg5 Ra5 49. Kf6 h5 50. Rb6 1-0

[Event "IECG CB.2008.0.00180 email"]
[Site "IECG email"]
[Date "2008.03.09"]
[Round "?"]
[White "Pagano, Marcelo"]
[Black "Llorente, Jose Luis"]
[Result "0-1"]
[WhiteElo "1875"]
[BlackElo "1907"]
[PlyCount "106"]
[EventDate "2008.03.09"]
[EventType "tourn (corr)"]
[EventRounds "6"]
[SourceTitle "Corr 2024"]
[Source "ChessBase"]
[SourceDate "2023.10.19"]
[SourceVersion "1"]
[SourceVersionDate "2023.10.19"]
[SourceQuality "1"]

1. Nf3 Nf6 2. d4 e6 3. c4 c5 4. Nc3 cxd4 5. Nxd4 Bb4 6. g3 Ne4 7. Qd3 Qa5 8. Nb3 Qf5 9. Qe3 Nc6 10. Bg2 Nxc3 11. bxc3 Be7 12. 0-0 0-0 13. Rd1 h6 14. c5 Ne5 15. h3 Qc2 16. Bd2 Nc4 17. Qd4 Nxd2 18. Rxd2 Qf5 19. a4 Bf6 20. Qc4 Qe5 21. Rc1 Rb8 22. e4 Qc7 23. Nd4 a6 24. Qb4 Bg5 25. f4 Be7 26. Nb3 b6 27. cxb6 Qd8 28. Qd4 Rxb6 29. Rb1 Qc7 30. Qd3 a5 31. Rdd1 Rc6 32. Rbc1 Ba6 33. Qd2 Rc8 34. Kh2 Ba3 35. Ra1 Rd6 36. Qa2 Rxd1 37. Rxd1 Bf8 38. Rc1 Bc4 39. Qc2 g5 40. fxg5 Bd6 41. gxh6 Bxg3+ 42. Kh1 Bf4 43. Rg1 Bxh6 44. Bf3+ Kf8 45. Nd4 Be3 46. Rg4 Ke7 47. Qb2 Bd3 48. Qa3+ Qc5 49. Qxc5+ Rxc5 50. Ne2 Rc4 51. h4 Rxa4 52. h5 Ra1+ 53. Kg2 a4 0-1

[Event "IECG CB.2008.0.00180 email"]
[Site "IECG email"]
[Date "2008.03.09"]
[Round "?"]
[White "Suarez, Ron"]
[Black "Pagano, Marcelo"]
[Result "1/2-1/2"]
[WhiteElo "1786"]
[BlackElo "1875"]
[PlyCount "60"]
[EventDate "2008.03.09"]
[EventType "tourn (corr)"]
[EventRounds "6"]
[SourceTitle "Corr 2024"]
[Source "ChessBase"]
[SourceDate "2023.10.19"]
[SourceVersion "1"]
[SourceVersionDate "2023.10.19"]
[SourceQuality "1"]

1. d4 Nf6 2. Nf3 e6 3. Bf4 c5 4. e3 Qb6 5. Nc3 Qxb2 6. Nb5 Nd5 7. Nd2 Na6 8. Rb1 Qxa2 9. Bc4 Qa4 10. Bxd5 exd5 11. Qh5 d6 12. Bxd6 Be6 13. c4 Rd8 14. cxd5 Bxd6 15. dxe6 0-0 16. 0-0 fxe6 17. Qg4 Bb8 18. Ne4 Rde8 19. Nxa7 Qd7 20. Nb5 b6 21. Rfc1 Rc8 22. Rd1 Qf7 23. Ra1 Nb4 24. dxc5 bxc5 25. Qh4 Qg6 26. Nbd6 Bxd6 27. Nxd6 Rc7 28. Qc4 Nd5 29. Ra6 Rb8 30. Qa4 h6 1/2-1/2

[Event "IECG CB.2008.0.00179 email"]
[Site "IECG email"]
[Date "2008.02.03"]
[Round "?"]
[White "Roberts, Earl"]
[Black "Pagano, Marcelo"]
[Result "1/2-1/2"]
[WhiteElo "1894"]
[BlackElo "1875"]
[PlyCount "35"]
[EventDate "2008.02.03"]
[EventType "tourn (corr)"]
[EventRounds "6"]
[SourceTitle "Corr 2024"]
[Source "ChessBase"]
[SourceDate "2023.10.19"]
[SourceVersion "1"]
[SourceVersionDate "2023.10.19"]
[SourceQuality "1"]

1. e4 e5 2. Nc3 Nf6 3. Nf3 Bb4 4. Bc4 Bxc3 5. dxc3 d6 6. 0-0 Nbd7 7. Re1 0-0 8. a4 Nc5 9. Nd2 a5 10. Qf3 Bg4 11. Qe3 Be6 12. Be2 Re8 13. b3 Qe7 14. Ba3 Nfd7 15. Qg3 f5 16. exf5 Bxf5 17. Bc4+ Kh8 18. f4 1/2-1/2

[Event "IECG CB.2008.0.00179 email"]
[Site "IECG email"]
[Date "2008.02.03"]
[Round "?"]
[White "Rodrigues, Luis"]
[Black "Pagano, Marcelo"]
[Result "1/2-1/2"]
[WhiteElo "1845"]
[BlackElo "1875"]
[PlyCount "32"]
[EventDate "2008.02.03"]
[EventType "tourn (corr)"]
[EventRounds "6"]
[SourceTitle "Corr 2024"]
[Source "ChessBase"]
[SourceDate "2023.10.19"]
[SourceVersion "1"]
[SourceVersionDate "2023.10.19"]
[SourceQuality "1"]

1. d4 Nf6 2. c4 e6 3. Nf3 Bb4+ 4. Bd2 Qe7 5. g3 Nc6 6. Nc3 Bxc3 7. Bxc3 Ne4 8. Rc1 0-0 9. Bg2 d6 10. d5 Nd8 11. dxe6 Nxe6 12. Bb4 a5 13. Ba3 N6c5 14. 0-0 f5 15. Nd2 Kh8 16. Qc2 Re8 1/2-1/2

[Event "FICGS rapid A 000025 email"]
[Site "FICGS email"]
[Date "2007.09.02"]
[Round "1"]
[White "Bakhmatov, Andrey"]
[Black "Pagano, Marcelo"]
[Result "1-0"]
[WhiteElo "1936"]
[BlackElo "1930"]
[PlyCount "61"]
[EventDate "2007.??.??"]
[EventType "tourn (rapid)"]
[EventRounds "6"]
[SourceTitle "Corr 2022"]
[Source "ChessBase"]
[SourceDate "2021.10.24"]
[SourceVersion "1"]
[SourceVersionDate "2021.10.24"]
[SourceQuality "1"]

1. e4 e6 2. d4 d5 3. Nc3 dxe4 4. Nxe4 Bd7 5. Nf3 Bc6 6. Bd3 Nd7 7. Qe2 Ngf6 8. 0-0 Be7 9. Nxf6+ Bxf6 10. c3 b6 11. a4 0-0 12. Rd1 Bb7 13. a5 Qe7 14. a6 Bxf3 15. Qxf3 e5 16. Re1 Qd6 17. g4 g6 18. Bb5 Bg7 19. Bxd7 Qxd7 20. dxe5 Qe6 21. Bg5 Qb3 22. Be7 Rfe8 23. Rad1 Rac8 24. Bf6 Bxf6 25. exf6 Rxe1+ 26. Rxe1 Qxb2 27. Re7 Qa1+ 28. Kg2 Qxa6 29. Qe3 Qa4 30. f3 Kh8 31. Kg3 1-0

[Event "FICGS rapid A 000025 email"]
[Site "FICGS email"]
[Date "2007.09.02"]
[Round "1"]
[White "Pagano, Marcelo"]
[Black "Vasquez, Fernando Jose Pinto"]
[Result "0-1"]
[WhiteElo "1930"]
[BlackElo "1872"]
[PlyCount "22"]
[EventDate "2007.??.??"]
[EventType "tourn (rapid)"]
[EventRounds "6"]
[SourceTitle "Corr 2022"]
[Source "ChessBase"]
[SourceDate "2021.10.24"]
[SourceVersion "1"]
[SourceVersionDate "2021.10.24"]
[SourceQuality "1"]

1. d4 d5 2. c4 dxc4 3. Nf3 Nf6 4. e3 g6 5. Bxc4 Bg7 6. 0-0 Nc6 7. Nc3 0-0 8. h3 a6 9. e4 b5 10. Bb3 Nd7 11. Bg5 Na5 0-1

[Event "FICGS rapid A 000025 email"]
[Site "FICGS email"]
[Date "2007.09.02"]
[Round "1"]
[White "Riha, Josef"]
[Black "Pagano, Marcelo"]
[Result "1-0"]
[WhiteElo "1948"]
[BlackElo "1930"]
[PlyCount "61"]
[EventDate "2007.??.??"]
[EventType "tourn (rapid)"]
[EventRounds "6"]
[SourceTitle "Corr 2022"]
[Source "ChessBase"]
[SourceDate "2021.10.24"]
[SourceVersion "1"]
[SourceVersionDate "2021.10.24"]
[SourceQuality "1"]

1. e4 c6 2. d4 g6 3. Nc3 Bg7 4. Nf3 d5 5. h3 dxe4 6. Nxe4 Nf6 7. Bd3 Nxe4 8. Bxe4 Bf5 9. Bxf5 Qa5+ 10. c3 Qxf5 11. 0-0 Nd7 12. Re1 e6 13. Qb3 0-0-0 14. Bg5 Rde8 15. Bh4 Qd5 16. Bg3 h6 17. Qb4 Nb6 18. Ne5 Bf8 19. Qb3 Rh7 20. c4 Qd8 21. c5 Nd7 22. Qa4 Nxe5 23. Qxa7 f6 24. b4 Bg7 25. dxe5 f5 26. b5 Qc7 27. Rab1 cxb5 28. Rxb5 Bf8 29. Reb1 Qb8 30. Qa4 Ree7 31. Ra5 1-0

[Event "FICGS class A 000027 email"]
[Site "FICGS email"]
[Date "2007.08.29"]
[Round "1"]
[White "Pagano, Marcelo"]
[Black "Dyakov, Aleksandr"]
[Result "0-1"]
[WhiteElo "2003"]
[BlackElo "2181"]
[PlyCount "44"]
[EventDate "2007.??.??"]
[EventType "tourn (corr)"]
[EventRounds "6"]
[SourceTitle "Corr 2022"]
[Source "ChessBase"]
[SourceDate "2021.10.24"]
[SourceVersion "1"]
[SourceVersionDate "2021.10.24"]
[SourceQuality "1"]

1. d4 d5 2. c4 c6 3. Nf3 Nf6 4. Nc3 dxc4 5. a4 Bf5 6. Ne5 Nbd7 7. Nxc4 Nb6 8. Ne5 a5 9. g3 e6 10. Bg2 Bb4 11. 0-0 0-0 12. Bg5 h6 13. Bxf6 Qxf6 14. e3 Qe7 15. Qe2 Rad8 16. Rfd1 f6 17. Nd3 e5 18. dxe5 fxe5 19. Be4 Qf6 20. Bxf5 Qxf5 21. Nxb4 axb4 22. a5 bxc3 0-1

[Event "FICGS class A 000027 email"]
[Site "FICGS email"]
[Date "2007.08.29"]
[Round "1"]
[White "Pagano, Marcelo"]
[Black "Sanchez, Eduardo"]
[Result "0-1"]
[WhiteElo "2003"]
[BlackElo "2067"]
[PlyCount "24"]
[EventDate "2007.??.??"]
[EventType "tourn (corr)"]
[EventRounds "6"]
[SourceTitle "Corr 2022"]
[Source "ChessBase"]
[SourceDate "2021.10.24"]
[SourceVersion "1"]
[SourceVersionDate "2021.10.24"]
[SourceQuality "1"]

1. Nf3 d5 2. d4 Nf6 3. c4 c6 4. Nc3 dxc4 5. a4 Na6 6. e3 Bg4 7. Bxc4 e6 8. h3 Bh5 9. 0-0 Nb4 10. a5 Be7 11. Qe2 0-0 12. Rd1 Qc7 0-1

[Event "FICGS class A 000026 email"]
[Site "FICGS email"]
[Date "2007.08.23"]
[Round "1"]
[White "Pagano, Marcelo"]
[Black "Markus, Roland"]
[Result "0-1"]
[WhiteElo "2003"]
[BlackElo "2125"]
[PlyCount "46"]
[EventDate "2007.??.??"]
[EventType "tourn (corr)"]
[EventRounds "6"]
[SourceTitle "Corr 2022"]
[Source "ChessBase"]
[SourceDate "2021.10.24"]
[SourceVersion "1"]
[SourceVersionDate "2021.10.24"]
[SourceQuality "1"]

1. e4 c6 2. d4 d5 3. e5 Bf5 4. Nf3 e6 5. a3 Nd7 6. c4 dxc4 7. Bxc4 Qc7 8. Nc3 0-0-0 9. Be3 Ne7 10. 0-0 Nb6 11. Bb3 Ned5 12. Rc1 Nxc3 13. Rxc3 Be7 14. Qe2 Nd5 15. Rc4 Qb6 16. Ba4 Kb8 17. Rfc1 h6 18. h3 Be4 19. Ne1 Nxe3 20. Qxe3 Bd5 21. R4c3 Bg5 22. f4 Be7 23. b4 Rhg8 0-1

[Event "FICGS class A 000025 email"]
[Site "FICGS email"]
[Date "2007.07.29"]
[Round "1"]
[White "Pagano, Marcelo"]
[Black "Dolganiuc, Victor"]
[Result "1-0"]
[WhiteElo "2003"]
[BlackElo "2000"]
[PlyCount "25"]
[EventDate "2007.??.??"]
[EventType "tourn (corr)"]
[EventRounds "6"]
[SourceTitle "Corr 2022"]
[Source "ChessBase"]
[SourceDate "2021.10.24"]
[SourceVersion "1"]
[SourceVersionDate "2021.10.24"]
[SourceQuality "1"]

1. e4 e5 2. Nf3 Nc6 3. Bb5 a6 4. Ba4 Nf6 5. 0-0 Be7 6. Re1 b5 7. Bb3 d6 8. c3 0-0 9. h3 Na5 10. Bc2 c5 11. d4 Bd7 12. dxe5 dxe5 13. Nxe5 1-0